[Event "Panevezys Elite Open 2020"]
[Site "Panevezys"]
[Date "2020.07.03"]
[Round "9.11"]
[White "Bagdanskis, Dangis"]
[Black "Golsta, Madara"]
[Result "1/2-1/2"]
[WhiteElo "1916"]
[BlackElo "1903"]
[Annotator "TA"]
[PlyCount "40"]
[EventDate "2020.06.26"]
[EventType "swiss"]
[EventCountry "LTU"]
[SourceTitle "playchess.com"]
[Source "ChessBase"]
[SourceQuality "1"]

{[%evp 13,40,4,7,-13,0,8,17,37,68,55,47,41,66,74,54,52,68,68,68,67,113,37,24,0,11,17,47,10,3]} 1. d4 Nf6 2. Nf3 g6 3. c3 Bg7 4. Bg5 O-O 5. e3 b6 6. Bd3 Bb7 7. Nbd2 c5 8. Qc2 {A48: 1 d4 Nf6 2 Nf3 g6: Torre, London and Colle Systems.} d6 9. h4 cxd4 10. exd4 {[#]} e5 $146 ({Predecessor:} 10... Nc6 11. h5 Rc8 12. hxg6 hxg6 13. Bc4 Na5 14. Be2 Qd7 15. Rh4 b5 16. b4 Nc4 17. Bxc4 bxc4 {1-0 (36) Thorfinnsson,B (2410)-Kvamme,J (2155) Reykjavik 2016}) 11. dxe5 dxe5 12. O-O-O Qc7 13. Bxf6 Bxf6 14. h5 {[%cal Rh5g6]} Na6 15. Ne4 $36 {[%mdl 2048] Black is under pressure.} Bxe4 16. Bxe4 {Bd5 is the strong threat.} Rad8 {[#]} 17. Kb1 (17. Bd5 $1 $16 {And now hxg6 would win.} Kg7 18. Qd2 (18. hxg6 fxg6 19. g4 Nc5 $16)) 17... Rxd1+ $14 18. Rxd1 Nc5 19. Bd5 {Threatens to win with hxg6.} Kg7 20. Nd2 Rd8 {Accuracy: White = 73%, Black = 79%.} 1/2-1/2

[Event "Panevezys Elite Open 2020"]
[Site "Panevezys"]
[Date "2020.07.03"]
[Round "9.12"]
[White "Aleknavicius, Andrius"]
[Black "Boyajyan, David"]
[Result "1-0"]
[WhiteElo "1895"]
[BlackElo "1949"]
[Annotator "TA"]
[PlyCount "77"]
[EventDate "2020.06.26"]
[EventType "swiss"]
[EventCountry "LTU"]
[SourceTitle "playchess.com"]
[Source "ChessBase"]
[SourceQuality "1"]

{[%evp 9,77,30,61,66,63,60,116,109,108,109,133,124,136,135,180,154,156,143,203,214,304,306,324,316,314,295,297,294,294,201,212,127,124,110,114,93,91,71,101,46,125,114,125,112,121,103,104,97,106,106,266,170,469,339,499,493,943,947,903,822,5887,5418,4986,2419,1943,1826,6403,779,29987,29986]} 1. d4 Nf6 2. Nc3 e6 3. Bf4 c5 4. d5 d6 5. e4 e5 6. Be3 {A45: Trompowsky Attack.} Be7 7. h3 {[#]} h5 $146 (7... O-O $14) ({Predecessor:} 7... O-O 8. f4 exf4 9. Bxf4 Re8 10. Qf3 Nfd7 11. O-O-O Bg5 12. Kb1 Ne5 13. Bxe5 Rxe5 {0-1 (54) Nowak,T (2103)-Stets,D (2490) Leipzig 2011}) 8. Be2 {White is better.} a6 9. a4 g6 10. Nf3 Nh7 11. Nd2 h4 12. f4 exf4 13. Bxf4 Bg5 (13... Nd7 $16 14. O-O O-O) 14. Bh2 $1 $18 Bxd2+ (14... O-O $142 15. Nc4 Nd7 16. Bxd6 Re8) 15. Qxd2 (15. Kxd2 Qg5+ 16. Ke1 (16. Kd3 Nd7 $14) 16... Qxg2 $16) 15... O-O 16. O-O Qe7 17. Qf4 Rd8 18. Rae1 g5 19. Qf2 {And now e5! would win.} Nd7 20. Bc4 (20. e5 $18 {Bd3 is the strong threat.} Nxe5 21. Bxe5 dxe5 22. Bd3) 20... f6 $16 21. a5 Ne5 22. Bxe5 fxe5 {[#]} 23. Na4 $1 Rf8 24. Qe2 (24. Qd2 $16) 24... Bd7 {[#]} ({Black should play} 24... Kg7 $1 $14) 25. Nxc5 $1 {[%mdl 512]} Rf4 (25... dxc5 26. d6+) 26. Nxd7 ({Much weaker is} 26. Nxb7 $6 Bc8 $11) 26... Qxd7 27. Rxf4 gxf4 28. Qh5 $36 {[%mdl 2048] Black is under strong pressure.} Qc7 29. Be2 Qxc2 $2 {This costs Black the game.} (29... Qxa5 $16 {keeps fighting.} 30. Qxh4 Qd8) 30. Bg4 Kg7 $2 (30... Qc5+ {is a better defense.} 31. Kh2 Qxa5 32. Be6+ (32. Qxh4 Qd8 $16) 32... Kh8) 31. Qxh4 Rf8 (31... Qc7 {was necessary.} 32. Bf5 Kg8) 32. Qe7+ $18 Kh8 (32... Rf7 $142 33. Qxd6 Qxb2) 33. Bf5 Rxf5 34. exf5 {KQR-KQN} f3 35. Qe8+ Kg7 36. Qg6+ (36. Qd7+ $142 Kg8 37. gxf3) 36... Kh8 37. gxf3 Qd2 38. Rf1 Ng5 39. f6 {Accuracy: White = 62%, Black = 41%.} 1-0